000 00694nam a2200253Ia 4500
003 OSt
005 20221007074259.0
006 a|||||r|||| 00| 0
007 ta
008 221006b |||||||| |||| 00| 0 eng d
024 _a21,777
037 _cTextual
040 _aFLL
_cFLL
_beng
041 _2eng
_aeng
082 _aZ2:805, H6;K5.1
100 _aChitaley D. V.
_9346836
245 0 _aCode of criminal procedure
250 _a6th
260 _aNagpur
_bAll India Reporter, Ltd. India
_c1965
300 _axxiv,1552,3p
_ccm.
700 _a Rao S. Appu
_9684036
942 _hZ2:805, H6;K5.1
_cTEXL
_2CC
999 _c1151769
_d1151769